Top Female Footballers (FC26) - Statistics

General Stats
  • This quiz has been taken 61 times
  • The average score is 23 of 38
Answer Stats
Nationality Club Position Rating Answer % Correct
Spain Barcelona CM 91 Alexia Putellas
93%
Spain Barcelona CM 91 Aitana Bonmatí
89%
England Arsenal ST 89 Alessia Russo
84%
Spain Arsenal CM/CAM 89 Mariona Caldentey
84%
Spain Barcelona CB 89 Mapi León
82%
England Arsenal RW 87 Chloe Kelly
78%
Australia Chelsea ST 87 Sam Kerr
78%
England Chelsea RB 87 Lucy Bronze
76%
Poland Barcelona ST 88 Ewa Pajor
73%
France Lyon (OL) RW 88 Kadidiatou Diani
73%
Norway Barcelona RW 90 Caroline Graham Hansen
69%
Jamaica Manchester City ST 89 Khadija Shaw
69%
France Lyon (OL) ST 88 Marie Katoto
64%
Spain Barcelona CDM 89 Patri Guijarro
62%
Norway Lyon (OL) ST 87 Ada Hegerberg
60%
England Arsenal RW 87 Beth Mead
60%
Chile Lyon (OL) GK 88 Christiane Endler
60%
Norway Chelsea LM 88 Guo Reiten
60%
Ireland Arsenal LB 87 Katie McCabe
58%
England Manchester City LW 87 Lauren Hemp
58%
England Arsenal CB 87 Leah Williamson
58%
Spain Barcelona LW 86 Claudia Pina
56%
Spain Barcelona CB 88 Irene Paredes
56%
Spain Barcelona RB 86 Ona Batlle
53%
Denmark Bayern Munich CAM 86 Pernille Harder
53%
USA Lyon (OL) CAM 87 Lindsey Heaps (Horan)
51%
USA Portland Thorns ST 88 Sophia Wilson (Smith)
51%
France London City Lionesses CM 86 Grace Geyoro
49%
France PSG CM 87 Sakina Karchaoui
49%
Germany Bayern Munich ST 86 Lea Schüller
47%
England Chelsea CB 87 Millie Bright
47%
Brazil KC Current CAM 88 Debinha
44%
Germany Bayern Munich LW 86 Klara Bühl
44%
Germany Gotham FC GK 86 Ann-Katrin Berger
42%
Haiti Lyon (OL) ST 86 Melchie Dumornay
40%
USA Gotham FC CM 87 Rose Lavelle
38%
Malawi KC Current LW 86 Temwa Chawinga
36%
USA Chicago Stars LW 87 Mallory Swanson
33%
No matching quizzes found
Score Distribution
Percent of People with Each Score
Percentile by Number Answered
Your Score History
You have not taken this quiz